000 00622nam a22002297a 4500
001 48473
003 UA-OsUOA
005 20210514105240.0
007 ta
008 20070906b un ||||| |||| 00| 0 ukr d
040 _aUA-OsUOA
_brus
_cUA-OsUOA
_dUA-OsUOA
041 _arus
080 _a821.161.1
090 _a821.161.1
_bЛ55
100 _aЛибединский Ю.
245 _aИзбранное
260 _aМ.
_bХудожественная литература
_c1972
300 _a606 с.
650 7 _a82 Література. Літературознавство
_2UDC
942 _cBK
_2udc
955 _a3
999 _c334586
_d334586